जिंदगी एक किताब है/ (Record no. 209944)

MARC details
000 -LEADER
fixed length control field 00678nam a22001577a 4500
005 - DATE AND TIME OF LATEST TRANSACTION
control field 20250307102605.0
020 ## - INTERNATIONAL STANDARD BOOK NUMBER
Terms of availability 200.00
037 ## - SOURCE OF ACQUISITION
Source of stock number/acquisition आत्म ज्ञान पब्लिकेशन एंड फाउंडेशन
082 ## - DEWEY DECIMAL CLASSIFICATION NUMBER
Edition number 1
100 ## - MAIN ENTRY--PERSONAL NAME
Personal name गुसाईवाल, चिगंलाल
245 ## - TITLE STATEMENT
Title जिंदगी एक किताब है/
Statement of responsibility, etc चिगंलाल गुसाईवाल
250 ## - EDITION STATEMENT
Edition statement 1
260 ## - PUBLICATION, DISTRIBUTION, ETC. (IMPRINT)
Place of publication, distribution, etc जयपुर
Name of publisher, distributor, etc आत्म ज्ञान पब्लिकेशन एंड फाउंडेशन
Date of publication, distribution, etc 2024
300 ## - PHYSICAL DESCRIPTION
Extent 148पृ.
Dimensions 22सेमी.(अजिल्द)
942 ## - ADDED ENTRY ELEMENTS (KOHA)
Source of classification or shelving scheme Dewey Decimal Classification
Item type Hindi Books
Call number suffix गुसाई
Edition 1

No items available.


© Delhi Public Library
Hit Counter
free hit counter